[Event "BL 1516 Schwäbisch Hall - Hansa Dortmu"]
[Site "?"]
[Date "2016.02.06"]
[Round "5.4"]
[White "Cornette, Matthieu"]
[Black "Pap, Misa"]
[Result "1/2-1/2"]
[WhiteElo "2594"]
[BlackElo "2483"]
[PlyCount "152"]
[EventDate "2016.??.??"]

1. e4 c5 2. Nf3 Nc6 3. Bb5 d6 4. O-O Bd7 5. Re1 Nf6 6. c3 a6 7. Bc4 b5 8. Bf1
e5 9. a4 b4 10. d4 cxd4 11. cxd4 Be7 12. Nbd2 exd4 13. Nb3 O-O 14. Nfxd4 d5 15.
exd5 Nxd5 16. Qf3 Nxd4 17. Nxd4 Nf6 18. Nc6 Bxc6 19. Qxc6 a5 20. Bf4 Rc8 21.
Qf3 Bc5 22. Ba6 Ra8 23. Bb7 Ra7 24. Rec1 Bxf2+ 25. Kh1 Qb6 26. Rc7 Bd4 27. Rac1
Qe6 28. R7c2 h6 29. h3 Re8 30. Bc6 Rd8 31. Re2 Qf5 32. g4 Qg6 33. Bb5 Nd5 34.
Bd3 Nxf4 35. Bxg6 Nxe2 36. Bxf7+ Rxf7 37. Qxe2 Rdf8 38. Rd1 Rf4 39. b3 Kh7 40.
Qd3+ g6 41. Qc4 R8f7 42. Qd5 Bb6 43. Qb5 Bc7 44. Rd7 g5 45. Rxf7+ Rxf7 46. Kg2
Kg7 47. Qc5 Kg6 48. Qd5 Kg7 49. h4 gxh4 50. Kh3 Re7 51. Kxh4 Kf8 52. Qd4 Re5
53. Qd2 Re6 54. Kh5 Ke7 55. Qd4 Ke8 56. Kh4 Rd6 57. Qg7 Kd8 58. Qf8+ Kd7 59.
Qf5+ Kd8 60. Qc2 Kc8 61. Kh3 Rf6 62. Kg2 Kb8 63. Qe4 Rd6 64. Kf3 Ka7 65. Qe7
Kb7 66. Ke4 Kb8 67. Qe8+ Kb7 68. Qb5+ Ka8 69. Kf5 Ka7 70. Qe8 Kb7 71. Qg8 Rd8
72. Qf7 Rd6 73. Qe8 Rb6 74. Qe4+ Kb8 75. Qd5 Rd6 76. Qe4 Rb6 1/2-1/2

[Event "BL 1516 Schwäbisch Hall - Hansa Dortmu"]
[Site "?"]
[Date "2016.02.06"]
[Round "5.5"]
[White "Wegener, Olaf"]
[Black "Michalik, Peter"]
[Result "1/2-1/2"]
[WhiteElo "2440"]
[BlackElo "2574"]
[PlyCount "168"]
[EventDate "2016.??.??"]

1. e4 c6 2. d4 d5 3. Nc3 dxe4 4. Nxe4 Bf5 5. Ng3 Bg6 6. h4 h6 7. Nf3 Nd7 8. h5
Bh7 9. Bd3 Bxd3 10. Qxd3 e6 11. Bd2 Ngf6 12. O-O-O Be7 13. Ne4 Nxe4 14. Qxe4
Nf6 15. Qd3 O-O 16. Kb1 Qd5 17. c4 Qe4 18. Be3 Qxd3+ 19. Rxd3 Ng4 20. Ne5 Nxe3
21. fxe3 Rac8 22. Rhd1 Rfd8 23. Kc2 Bd6 24. Nf3 f5 25. a4 Be7 26. Ra1 c5 27. b3
g6 28. hxg6 Kg7 29. Rad1 Kxg6 30. d5 Kf6 31. dxe6 Rxd3 32. Kxd3 Rg8 33. Rh1 Bf8
34. Rh2 Rg4 35. Ke2 Re4 36. Kf2 Rxe6 37. Rh1 Rb6 38. Rb1 Ke6 39. Ke2 Be7 40.
Kd3 Bg5 41. Nd2 Kf6 42. Re1 Kg6 43. Re2 h5 44. Kc2 Bh6 45. Nf3 Re6 46. Kd3 Re4
47. Nd2 Rg4 48. Nf3 Kf6 49. Nh2 Re4 50. Nf3 a5 51. Nd2 Rg4 52. Nf3 Rg3 53. Nd2
h4 54. Nf1 Rg7 55. Nd2 h3 56. gxh3 Rg3 57. h4 Ke5 58. Nf1 Rf3 59. Re1 f4 60.
Ke2 Rh3 61. Rd1 fxe3 62. Rd5+ Ke4 63. Rxc5 Rf3 64. Re5+ Kxe5 65. Kxf3 Kd4 66.
Ng3 Kd3 67. h5 Bg7 68. Ne2 Kd2 69. Ng3 Bh6 70. Ne4+ Kc2 71. Ke2 Kxb3 72. Nc5+
Kxc4 73. Nxb7 Kb4 74. Nd6 Kxa4 75. Nf5 Bg5 76. Nxe3 Kb3 77. Kd3 a4 78. Nc4 Kb4
79. Kd4 Bh6 80. Kd3 Bg7 81. Ne3 Kb3 82. Nc4 Bh6 83. Na5+ Kb4 84. Nc4 Bg7
1/2-1/2

[Event "BL 1516 Schwäbisch Hall - Hansa Dortmu"]
[Site "?"]
[Date "2016.02.06"]
[Round "5.6"]
[White "Bai, Jinshi"]
[Black "Mainka, Romuald"]
[Result "1-0"]
[WhiteElo "2501"]
[BlackElo "2416"]
[PlyCount "61"]
[EventDate "2016.??.??"]

1. d4 Nf6 2. c4 e6 3. Nf3 d5 4. g3 Bb4+ 5. Bd2 Bd6 6. Bg2 c6 7. Qc2 Nbd7 8. O-O
O-O 9. Bg5 h6 10. Bxf6 Nxf6 11. Nbd2 Qe7 12. Rfd1 c5 13. e4 dxe4 14. Nxe4 Nxe4
15. Qxe4 cxd4 16. Nxd4 a6 17. Rac1 Rb8 18. a3 Bc7 19. b4 Rd8 20. Nb3 Rxd1+ 21.
Rxd1 Qe8 22. Rd3 Qe7 23. Qe3 Qg5 24. Qa7 Qe5 25. Bf3 g5 26. Nc5 Kg7 27. Rd1 Qc3
28. Nd3 Qxc4 29. Be2 Qe4 30. Bf1 Qf3 31. Rc1 1-0

[Event "BL 1516 Schwäbisch Hall - Hansa Dortmu"]
[Site "?"]
[Date "2016.02.06"]
[Round "5.7"]
[White "Kotter, Ralf"]
[Black "Womacka, Mathias"]
[Result "1/2-1/2"]
[WhiteElo "2350"]
[BlackElo "2437"]
[PlyCount "131"]
[EventDate "2016.??.??"]

1. e4 c5 2. Nf3 d6 3. d4 cxd4 4. Nxd4 Nf6 5. Nc3 a6 6. g3 e5 7. Nde2 Nbd7 8.
Bg2 b5 9. O-O Be7 10. h3 Bb7 11. g4 Nc5 12. Ng3 O-O 13. Nf5 Ncxe4 14. g5 Nxc3
15. Nxe7+ Qxe7 16. gxf6 Qxf6 17. bxc3 Bxg2 18. Kxg2 Rac8 19. Bd2 Rc4 20. Re1
Qg6+ 21. Kf1 Qf5 22. Re3 Qe6 23. Rg3 f5 24. Qh5 f4 25. Qg4 Qf7 26. Rf3 Rc6 27.
h4 Rc7 28. Kg1 Re7 29. a4 Re6 30. h5 Rh6 31. Rh3 Qd5 32. Rd3 Qf7 33. Rh3 Qd5
34. Rd1 Qa2 35. axb5 axb5 36. Qe2 Qxc2 37. Kh2 e4 38. Rc1 Qa2 39. Rg1 e3 40.
fxe3 f3 41. Qf2 Qd5 42. e4 Qe5+ 43. Qg3 Rxh5 44. Qxe5 Rxe5 45. Rf1 Rxe4 46. Rf2
Rf5 47. Kg3 Re2 48. Rxe2 fxe2 49. Rh2 Re5 50. Kf2 h5 51. Rh1 Kf7 52. Be3 g5 53.
Kxe2 h4 54. Kf3 Kg6 55. Rd1 d5 56. Bd4 Rf5+ 57. Kg2 g4 58. Re1 Kg5 59. Re8 h3+
60. Kg3 Rf3+ 61. Kh2 Rd3 62. Rd8 Rd2+ 63. Kh1 Rd1+ 64. Kh2 Rd2+ 65. Kh1 Rd1+
66. Kh2 1/2-1/2

[Event "BL 1516 Schwäbisch Hall - Hansa Dortmu"]
[Site "?"]
[Date "2016.02.06"]
[Round "5.8"]
[White "Raykhman, Alexander"]
[Black "Karger, Frank"]
[Result "1-0"]
[WhiteElo "2418"]
[BlackElo "2282"]
[PlyCount "71"]
[EventDate "2016.??.??"]

1. d4 Nf6 2. c4 g6 3. Nc3 Bg7 4. e4 d6 5. Be2 O-O 6. Nf3 Na6 7. Be3 e5 8. d5
Ng4 9. Bg5 f6 10. Bh4 Qe8 11. Nd2 Nh6 12. f3 Nf7 13. Rb1 c5 14. a3 Qe7 15. b4
Bh6 16. O-O b6 17. Kh1 Bd7 18. Bd3 Bg5 19. Bf2 f5 20. Bc2 Bf4 21. Re1 Bxd2 22.
Qxd2 f4 23. Ba4 Bc8 24. Red1 Rd8 25. Qc2 g5 26. Bc6 Rb8 27. Qa4 Nc7 28. bxc5
dxc5 29. d6 Nxd6 30. Qxa7 Bb7 31. Nd5 Nxd5 32. Bxd5+ Kf8 33. Qxb6 Bxd5 34. Qxb8
Bxe4 35. fxe4 Rxb8 36. Rxb8+ 1-0

[Event "BL 1516 SV Mülheim Nord - Schwäbisch "]
[Site "?"]
[Date "2016.02.07"]
[Round "6.1"]
[White "Li, Chao"]
[Black "Tregubov, Pavel V"]
[Result "1-0"]
[WhiteElo "2751"]
[BlackElo "2582"]
[PlyCount "65"]
[EventDate "2016.??.??"]

1. Nf3 d5 2. g3 Nf6 3. Bg2 Bf5 4. O-O e6 5. d3 c6 6. Nbd2 h6 7. b3 Be7 8. Bb2
O-O 9. Qe1 a5 10. e4 Bh7 11. a3 c5 12. Ne5 a4 13. f4 Nc6 14. Nxc6 bxc6 15. Qe2
axb3 16. cxb3 Qb6 17. Kh1 Qa6 18. Rae1 Rfd8 19. f5 dxe4 20. fxe6 Qxd3 21. exf7+
Kxf7 22. Nxe4 Qxe2 23. Rxe2 Rab8 24. Bh3 Rb7 25. Be6+ Kf8 26. a4 Ra8 27. Nxf6
gxf6 28. Bc4 Bg8 29. Bxf6 Bxf6 30. Rxf6+ Kg7 31. Rxc6 Bxc4 32. bxc4 Ra5 33. Kg2
1-0

[Event "BL 1516 SV Mülheim Nord - Schwäbisch "]
[Site "?"]
[Date "2016.02.07"]
[Round "6.2"]
[White "Fridman, Daniel"]
[Black "Rodshtein, Maxim"]
[Result "0-1"]
[WhiteElo "2616"]
[BlackElo "2708"]
[PlyCount "70"]
[EventDate "2016.??.??"]

1. d4 d5 2. c4 c6 3. Nf3 Nf6 4. Nc3 e6 5. g3 Nbd7 6. Bg2 dxc4 7. a4 Be7 8. O-O
O-O 9. Nd2 e5 10. Nxc4 exd4 11. Qxd4 Nc5 12. Qxd8 Rxd8 13. Na5 Na6 14. Bf4 Bb4
15. Nc4 Be6 16. Ne5 Nc5 17. a5 a6 18. Na2 Bd2 19. Nc1 Bxf4 20. gxf4 Rd2 21. b4
Nce4 22. Re1 Nc3 23. e4 g6 24. Ncd3 Rd8 25. Nc5 Ne2+ 26. Kf1 Nxf4 27. Nxb7 Rb8
28. Nc5 Rxb4 29. Reb1 Ra2 30. Nxe6 fxe6 31. Nxc6 Ng4 32. Kg1 Ne2+ 33. Kf1 Nxh2+
34. Ke1 Nc3 35. Nxb4 Re2# 0-1

[Event "BL 1516 SV Mülheim Nord - Schwäbisch "]
[Site "?"]
[Date "2016.02.07"]
[Round "6.3"]
[White "Postny, Evgeny"]
[Black "Landa, Konstantin"]
[Result "1-0"]
[WhiteElo "2668"]
[BlackElo "2634"]
[PlyCount "89"]
[EventDate "2016.??.??"]

1. d4 d5 2. c4 dxc4 3. e4 e5 4. Nf3 exd4 5. Bxc4 Nc6 6. O-O Bc5 7. Qb3 Qf6 8.
e5 Qf5 9. Bd3 Qe6 10. Bc4 Qf5 11. Nbd2 Nge7 12. Bd3 Qe6 13. Bc4 Qf5 14. Bd3 Qe6
15. Qc2 Bb6 16. Nc4 h6 17. Bd2 O-O 18. b4 a6 19. a4 Nd5 20. Qb2 Qe7 21. b5 Ncb4
22. Nxb6 cxb6 23. Be4 Nc3 24. Bxc3 dxc3 25. Qxc3 Be6 26. Nd4 Rac8 27. Qg3 Rc7
28. Rad1 Rd7 29. Nf5 Bxf5 30. Bxf5 Rxd1 31. Rxd1 Rd8 32. Rxd8+ Qxd8 33. h4 Qc7
34. Be4 Qc4 35. e6 fxe6 36. Qb8+ Kf7 37. Qxb7+ Kf6 38. a5 bxa5 39. b6 Qc1+ 40.
Kh2 Qf4+ 41. Kh3 g5 42. g3 Qxf2 43. Qb8 Qe2 44. Qh8+ Ke7 45. Qg7+ 1-0

[Event "BL 1516 SV Mülheim Nord - Schwäbisch "]
[Site "?"]
[Date "2016.02.07"]
[Round "6.4"]
[White "Ducarmon, Quinten"]
[Black "Cornette, Matthieu"]
[Result "0-1"]
[WhiteElo "2476"]
[BlackElo "2594"]
[PlyCount "80"]
[EventDate "2016.??.??"]

1. e4 c5 2. Nf3 Nc6 3. Nc3 g6 4. Bc4 Bg7 5. O-O d6 6. a3 Nf6 7. d3 O-O 8. h3 a6
9. Nd5 Ne8 10. c3 e6 11. Nf4 Nf6 12. Ba2 h6 13. Be3 Kh7 14. b4 cxb4 15. axb4 e5
16. Ne2 d5 17. Ng3 Be6 18. Qb1 Qd7 19. b5 axb5 20. Rd1 Rxa2 21. Rxa2 dxe4 22.
Ng5+ hxg5 23. Rad2 exd3 24. Rxd3 Qc8 25. Bxg5 Bc4 26. Rf3 Qe6 27. Bxf6 Bxf6 28.
Ne4 Be7 29. Rd6 Qc8 30. Nf6+ Bxf6 31. Rfxf6 Ne7 32. Qe4 Re8 33. h4 Nf5 34. Rb6
Qd8 35. Qg4 Nh6 36. Qf3 e4 37. Qf4 Qd1+ 38. Kh2 Ng4+ 39. Kg3 Nxf6 40. Rxf6 Qd5
0-1

[Event "BL 1516 SV Mülheim Nord - Schwäbisch "]
[Site "?"]
[Date "2016.02.07"]
[Round "6.5"]
[White "Michalik, Peter"]
[Black "Hausrath, Daniel"]
[Result "1-0"]
[WhiteElo "2574"]
[BlackElo "2512"]
[PlyCount "175"]
[EventDate "2016.??.??"]

1. d4 Nf6 2. Nf3 g6 3. Bf4 Bg7 4. e3 O-O 5. Be2 c5 6. c3 d6 7. h3 Be6 8. O-O
Qb6 9. Qc1 Rc8 10. dxc5 Qxc5 11. Nbd2 Bf5 12. Re1 Nc6 13. Nd4 Bd7 14. N4b3 Qb6
15. e4 Be6 16. Qd1 Qd8 17. Bf1 Nd7 18. Be3 Nb6 19. a4 Ne5 20. Nd4 Bc4 21. Nxc4
Nbxc4 22. Bc1 Nd7 23. Nc2 Qb6 24. Nb4 e6 25. Nd3 a5 26. Ra2 Qc6 27. g3 Ncb6 28.
Bg2 Qc4 29. Ra1 Qc7 30. Bf4 Nc4 31. h4 h5 32. Qe2 Qb6 33. Red1 Qb3 34. Bf1 Nde5
35. Nxe5 dxe5 36. Bc1 Rc7 37. Rd3 Bf8 38. Qd1 Qb6 39. b3 Nd6 40. Bg2 Qc6 41.
Bb2 Ne8 42. c4 Bg7 43. Qd2 Rcc8 44. Rd1 Qb6 45. Ba3 Qc6 46. Qe3 Bf6 47. Bb2 Rc7
48. Bc3 Rcc8 49. Qd2 Qb6 50. Qb2 Qc5 51. Kh2 Bg7 52. Bf3 Rc7 53. Kg2 Rcc8 54.
Rd7 Rc7 55. Rd8 Rcc8 56. Rxc8 Rxc8 57. Qd2 b6 58. Qb2 Nc7 59. Qd2 Na6 60. Qd7
Qc6 61. Qxc6 Rxc6 62. Rd8+ Kh7 63. Bd1 Nc5 64. Bc2 Bf6 65. Rd1 Bg7 66. Kf3 f5
67. Ke2 fxe4 68. Bd2 Rd6 69. Bg5 Rd4 70. Bd8 Nd7 71. Rxd4 exd4 72. Bxe4 Bf6 73.
Bxf6 Nxf6 74. Kd3 e5 75. f4 exf4 76. gxf4 Nd7 77. Kxd4 Kg7 78. Bc2 Kf6 79. Kd5
Nc5 80. Kc6 Ne6 81. Kxb6 Nxf4 82. Kxa5 Ke5 83. Kb6 g5 84. hxg5 h4 85. g6 Ne6
86. Bd3 h3 87. Bf1 h2 88. Bg2 1-0

[Event "BL 1516 SV Mülheim Nord - Schwäbisch "]
[Site "?"]
[Date "2016.02.07"]
[Round "6.6"]
[White "Feygin, Michael"]
[Black "Bai, Jinshi"]
[Result "0-1"]
[WhiteElo "2477"]
[BlackElo "2501"]
[PlyCount "52"]
[EventDate "2016.??.??"]

1. e4 c5 2. Nf3 e6 3. d4 cxd4 4. Nxd4 Nc6 5. Nc3 Qc7 6. Be3 a6 7. Qd2 Nf6 8. f3
b5 9. O-O-O Bb7 10. Nb3 Ne5 11. Qf2 Rc8 12. Bb6 Qb8 13. Nc5 Be7 14. Kb1 d6 15.
Nxb7 Qxb7 16. Bd4 O-O 17. Bd3 Rc7 18. f4 b4 19. Ne2 Nxd3 20. cxd3 Qb5 21. Qf3
e5 22. Bf2 Rfc8 23. Rc1 b3 24. a3 Rc2 25. Nc3 R8xc3 26. bxc3 Ra2 0-1

[Event "BL 1516 SV Mülheim Nord - Schwäbisch "]
[Site "?"]
[Date "2016.02.07"]
[Round "6.7"]
[White "Womacka, Mathias"]
[Black "Saltaev, Mihail"]
[Result "1/2-1/2"]
[WhiteElo "2437"]
[BlackElo "2489"]
[PlyCount "41"]
[EventDate "2016.??.??"]

1. e4 c6 2. d4 d5 3. Nd2 dxe4 4. Nxe4 Bf5 5. Ng3 Bg6 6. Nh3 Nf6 7. Nf4 e5 8.
Nxg6 hxg6 9. dxe5 Qa5+ 10. Bd2 Qxe5+ 11. Qe2 Nbd7 12. Qxe5+ Nxe5 13. Bc3 Ned7
14. Bc4 Rh4 15. Bb3 Bb4 16. Bxb4 Rxb4 17. c3 Rh4 18. O-O Nc5 19. Rfe1+ Kf8 20.
Bc2 Re8 21. Rxe8+ 1/2-1/2

[Event "BL 1516 SV Mülheim Nord - Schwäbisch "]
[Site "?"]
[Date "2016.02.07"]
[Round "6.8"]
[White "Dinstuhl, Volkmar"]
[Black "Raykhman, Alexander"]
[Result "1/2-1/2"]
[WhiteElo "2401"]
[BlackElo "2418"]
[PlyCount "77"]
[EventDate "2016.??.??"]

1. c4 g6 2. Nc3 Bg7 3. g3 Nf6 4. Bg2 O-O 5. e4 d6 6. Nge2 e5 7. O-O Be6 8. b3
Nc6 9. Nd5 Nd7 10. Bb2 Nd4 11. Nxd4 exd4 12. Nf4 a5 13. d3 c6 14. Nxe6 fxe6 15.
Ba3 c5 16. Bh3 Qe7 17. f4 Bh6 18. Bc1 Rf6 19. Bd2 Nb8 20. Qg4 Nc6 21. Qh4 Qg7
22. a3 Raf8 23. Rae1 e5 24. Re2 Ne7 25. Qg4 R8f7 26. Qd7 Nf5 27. Qb5 Ne3 28.
Bxe3 dxe3 29. Rxe3 exf4 30. Ref3 Rf8 31. e5 dxe5 32. Qxc5 fxg3 33. Qd5+ Kh8 34.
hxg3 Rxf3 35. Rxf3 Rxf3 36. Qxf3 Qe7 37. Bg2 b6 38. Qa8+ Qf8 39. b4 1/2-1/2

[Event "BL 1516 Hansa Dortmund - Erfurter SK"]
[Site "?"]
[Date "2016.02.07"]
[Round "6.1"]
[White "Romanov, Evgeny"]
[Black "Donchenko, Alexander"]
[Result "1-0"]
[WhiteElo "2617"]
[BlackElo "2575"]
[PlyCount "59"]
[EventDate "2016.??.??"]

1. d4 Nf6 2. c4 e6 3. Nc3 Bb4 4. Nf3 b6 5. e3 Bb7 6. Bd3 Ne4 7. Qc2 Bxc3+ 8.
bxc3 f5 9. O-O O-O 10. Nd2 Qh4 11. f3 Ng5 12. f4 Qg4 13. d5 Nf7 14. e4 fxe4 15.
Bxe4 Nd6 16. Bxh7+ Kh8 17. Ba3 exd5 18. Bxd6 cxd6 19. Rf3 Rf6 20. cxd5 Bxd5 21.
Be4 Bc6 22. Qd3 Rh6 23. Rg3 Qh5 24. Rh3 Qc5+ 25. Kh1 Rxh3 26. Qxh3+ Kg8 27. Re1
Bxe4 28. Nxe4 Qd5 29. Ng5 Nc6 30. Qxd7 1-0

[Event "BL 1516 Hansa Dortmund - Erfurter SK"]
[Site "?"]
[Date "2016.02.07"]
[Round "6.2"]
[White "Mons, Léon"]
[Black "Vovk, Andrey"]
[Result "0-1"]
[WhiteElo "2458"]
[BlackElo "2632"]
[PlyCount "120"]
[EventDate "2016.??.??"]

1. Nf3 f5 2. c4 Nf6 3. Nc3 d6 4. d4 g6 5. Bf4 Bg7 6. e3 O-O 7. c5 h6 8. h4 Be6
9. Qa4 Nbd7 10. Bc4 Bf7 11. Qb3 Nh5 12. O-O-O Rb8 13. Kb1 Bxc4 14. Qxc4+ Kh8
15. Rhe1 a6 16. Bh2 Ndf6 17. Qe6 Qc8 18. Qxc8 Rbxc8 19. Nd2 dxc5 20. dxc5 Ng4
21. Bg1 Bf6 22. Nf3 e6 23. Kc2 Be7 24. b4 a5 25. a3 b6 26. Na4 axb4 27. axb4
Ra8 28. Ra1 Ra6 29. cxb6 cxb6 30. Kb3 Bf6 31. Nb2 Rxa1 32. Rxa1 Rc8 33. Nd4 e5
34. Nb5 e4 35. Nd4 Bxh4 36. Nc4 Nxf2 37. Nxb6 Rc7 38. Ra8+ Kh7 39. Bh2 Bg3 40.
Nd5 Rb7 41. Bxg3 Nxg3 42. Ne6 g5 43. Nc5 Rf7 44. b5 Nd3 45. Nxd3 exd3 46. b6
Ne4 47. Ra7 Kg6 48. Kb2 Rf8 49. Ne7+ Kh5 50. Nc6 d2 51. Rd7 Nc5 52. Rxd2 Rf6
53. Ne5 Rxb6+ 54. Kc2 Kh4 55. Rd5 Ne4 56. Nf3+ Kg4 57. Nd4 Ng3 58. Nb5 Nf1 59.
Kd3 Re6 60. Rd4+ Kg3 0-1

[Event "BL 1516 Hansa Dortmund - Erfurter SK"]
[Site "?"]
[Date "2016.02.07"]
[Round "6.3"]
[White "Mihok, Oliver"]
[Black "Zelbel, Patrick"]
[Result "1/2-1/2"]
[WhiteElo "2506"]
[BlackElo "2434"]
[PlyCount "85"]
[EventDate "2016.??.??"]

1. e4 e5 2. Nf3 Nc6 3. Bb5 a6 4. Ba4 Nf6 5. O-O Be7 6. Re1 b5 7. Bb3 d6 8. c3
O-O 9. h3 Na5 10. Bc2 c5 11. d4 Nd7 12. Nbd2 exd4 13. cxd4 Nc6 14. d5 Nce5 15.
a4 Bb7 16. Nxe5 Nxe5 17. f4 Ng6 18. Nf3 Re8 19. g3 Bf6 20. Kg2 Qd7 21. Qd2 Bc8
22. Rh1 b4 23. Qd3 a5 24. Bb3 Ba6 25. Bc4 Bxc4 26. Qxc4 Bd4 27. Re1 f5 28. Nxd4
cxd4 29. Qxd4 Rxe4 30. Rxe4 fxe4 31. Bd2 Re8 32. b3 Qf5 33. Rc1 Ne7 34. Rc7 Qh5
35. g4 Qxd5 36. Qxd5+ Nxd5 37. Rd7 e3 38. Rxd6 Nxf4+ 39. Kf3 exd2 40. Kxf4 Re2
41. Kf3 Rh2 42. Kg3 Re2 43. Kf3 1/2-1/2

[Event "BL 1516 Hansa Dortmund - Erfurter SK"]
[Site "?"]
[Date "2016.02.07"]
[Round "6.4"]
[White "Pap, Misa"]
[Black "Haba, Petr"]
[Result "1/2-1/2"]
[WhiteElo "2483"]
[BlackElo "2487"]
[PlyCount "85"]
[EventDate "2016.??.??"]

1. e4 c5 2. Nf3 Nc6 3. d4 cxd4 4. Nxd4 e6 5. Nc3 Qc7 6. Be3 a6 7. Bd3 Nf6 8.
O-O Nxd4 9. Bxd4 Bc5 10. Bxc5 Qxc5 11. Kh1 d6 12. Qd2 e5 13. f4 exf4 14. Qxf4
Be6 15. Nd5 Nxd5 16. exd5 Qxd5 17. Be4 Qe5 18. Bxb7 Qxf4 19. Rxf4 Ra7 20. Bf3
Kd7 21. Rb4 Rc8 22. c3 a5 23. Rb6 Rc5 24. Rd1 Bxa2 25. Rbxd6+ Ke7 26. Rb6 Be6
27. Kg1 Rd7 28. Rxd7+ Kxd7 29. Kf2 Bd5 30. Bxd5 Rxd5 31. Rb7+ Ke6 32. Ke3 Rh5
33. h3 Rg5 34. g4 h5 35. Kf4 f6 36. b4 axb4 37. cxb4 hxg4 38. hxg4 Kd6 39. Rb6+
Kd7 40. Ra6 Rb5 41. Ra7+ Ke6 42. Rxg7 Rxb4+ 43. Kf3 1/2-1/2

[Event "BL 1516 Hansa Dortmund - Erfurter SK"]
[Site "?"]
[Date "2016.02.07"]
[Round "6.5"]
[White "Braeuer, Franz"]
[Black "Wegener, Olaf"]
[Result "0-1"]
[WhiteElo "2423"]
[BlackElo "2440"]
[PlyCount "80"]
[EventDate "2016.??.??"]

1. e4 c5 2. Nf3 d6 3. d4 cxd4 4. Nxd4 Nf6 5. Nc3 a6 6. Qd3 e6 7. Be2 b5 8. b4
d5 9. exd5 Bxb4 10. O-O exd5 11. Ncxb5 O-O 12. Rb1 Ba5 13. Nc3 Qc7 14. Bd2 Rd8
15. Nb3 Bb4 16. Bf3 Be6 17. Nb5 axb5 18. Bxb4 Rxa2 19. Nd4 Na6 20. Rfe1 Nxb4
21. Rxb4 Bd7 22. Qb3 Qc5 23. Rb1 Rda8 24. Nxb5 Rxc2 25. h3 Qxf2+ 26. Kh2 Qc5
27. Nd4 Qc7+ 28. Kh1 Rc1+ 29. Rxc1 Qxc1+ 30. Kh2 Qf4+ 31. g3 Qd2+ 32. Ne2 Re8
33. Rb8 h5 34. Rxe8+ Bxe8 35. Qb6 Qd3 36. Kg2 Bd7 37. Nf4 Qc2+ 38. Qf2 Qf5 39.
Qc5 h4 40. Nxd5 Qxh3+ 0-1

[Event "BL 1516 Hansa Dortmund - Erfurter SK"]
[Site "?"]
[Date "2016.02.07"]
[Round "6.6"]
[White "Mainka, Romuald"]
[Black "Machelett, Heiko"]
[Result "1/2-1/2"]
[WhiteElo "2416"]
[BlackElo "2406"]
[PlyCount "40"]
[EventDate "2016.??.??"]

1. e4 e6 2. d3 d5 3. Nd2 c5 4. Ngf3 Nc6 5. g3 Bd6 6. Bg2 Nge7 7. O-O O-O 8. Nh4
Rb8 9. f4 f6 10. Ndf3 Bc7 11. Qe2 b5 12. Be3 d4 13. Bd2 Qe8 14. g4 Bd7 15. Kh1
Ng6 16. Nxg6 Qxg6 17. h3 Qf7 18. Rg1 Ne7 19. f5 Nc6 20. fxe6 Qxe6 1/2-1/2

[Event "BL 1516 Hansa Dortmund - Erfurter SK"]
[Site "?"]
[Date "2016.02.07"]
[Round "6.7"]
[White "Enders, Peter"]
[Black "Kotter, Ralf"]
[Result "1/2-1/2"]
[WhiteElo "2459"]
[BlackElo "2350"]
[PlyCount "152"]
[EventDate "2016.??.??"]

1. e4 c5 2. Nf3 e6 3. d4 cxd4 4. Nxd4 a6 5. g3 Nf6 6. Bg2 Qc7 7. O-O Nc6 8. Nc3
Be7 9. Re1 Nxd4 10. Qxd4 d6 11. e5 dxe5 12. Rxe5 O-O 13. Bf4 Qd8 14. Rd1 Qxd4
15. Rxd4 Ra7 16. Re1 b5 17. Red1 Rd7 18. Rxd7 Bxd7 19. Bd6 Re8 20. Bxe7 Rxe7
21. Rd6 Bc8 22. Bc6 Nd7 23. a4 bxa4 24. Bxa4 Nf8 25. Ne4 Rc7 26. Rc6 Rxc6 27.
Bxc6 Bd7 28. Bb7 a5 29. Kf1 Ng6 30. Nc5 Bb5+ 31. Ke1 Kf8 32. Nb3 a4 33. Nd4 Bd7
34. Kd2 Ke7 35. Kc3 e5 36. Ne2 Bb5 37. Nc1 Kd6 38. Kb4 Bd7 39. Ne2 f5 40. Ba6
e4 41. Bb5 Bc8 42. Bxa4 Ne5 43. h3 g5 44. Kc3 Ba6 45. Nd4 f4 46. gxf4 gxf4 47.
Bb5 Bc8 48. Bf1 Kd5 49. b4 h5 50. Ne2 Ng6 51. Kd2 Ke5 52. b5 Nh4 53. Kc3 Nf5
54. Nc1 f3 55. b6 e3 56. Bb5 Nd6 57. Nd3+ Kd5 58. Kb4 exf2 59. Nxf2 Nxb5 60.
Kxb5 Bb7 61. h4 Kd6 62. c4 Bc6+ 63. Kb4 Bb7 64. Nd3 Kd7 65. Kc5 Be4 66. Kd4 Ba8
67. Ke3 Kc6 68. Kxf3 Kxb6+ 69. Kf4 Kc7 70. Kg5 Bf3 71. Nf4 Kc6 72. Nxh5 Kc5 73.
Nf6 Kxc4 74. Ng4 Kd5 75. h5 Ke6 76. h6 Be4 1/2-1/2

[Event "BL 1516 Hansa Dortmund - Erfurter SK"]
[Site "?"]
[Date "2016.02.07"]
[Round "6.8"]
[White "Karger, Frank"]
[Black "Voekler, Bernd"]
[Result "1-0"]
[WhiteElo "2282"]
[BlackElo "2354"]
[PlyCount "75"]
[EventDate "2016.??.??"]

1. d4 Nf6 2. c4 g6 3. f3 Bg7 4. e4 d6 5. Nc3 O-O 6. Nge2 Nc6 7. Be3 a6 8. Qd2
Rb8 9. Rc1 e6 10. g3 Bd7 11. Nd1 Ne8 12. Bg2 f5 13. Nf2 b6 14. O-O Qe7 15. Rfd1
e5 16. d5 Nd8 17. b4 Nf7 18. c5 bxc5 19. bxc5 Ba4 20. Re1 dxc5 21. Nd3 c4 22.
Nc5 Bb5 23. a4 Bd7 24. Nxd7 Qxd7 25. Rxc4 Nfd6 26. Rb4 Nf6 27. Bh3 a5 28. Rxb8
Rxb8 29. Qc2 Rb4 30. Nc3 Qc8 31. Nb5 Nfe8 32. exf5 gxf5 33. Bf1 Nxb5 34. axb5
Bf8 35. Bd2 Bd6 36. Bxb4 axb4 37. Bd3 Ng7 38. Qc6 1-0

[Event "BL 1516 Hamburger SK - SG Solingen"]
[Site "?"]
[Date "2016.02.07"]
[Round "6.1"]
[White "Harikrishna, Pentala"]
[Black "Kempinski, Robert"]
[Result "0-1"]
[WhiteElo "2753"]
[BlackElo "2620"]
[PlyCount "77"]
[EventDate "2016.??.??"]

1. e4 c5 2. Nf3 e6 3. d4 cxd4 4. Nxd4 Nf6 5. Nc3 d6 6. g4 h6 7. h4 a6 8. Rg1 d5
9. exd5 Nxd5 10. Nxd5 Qxd5 11. Be3 Be7 12. Qd2 Bxh4 13. Qc3 Nd7 14. O-O-O Qc5
15. Qb3 Qa5 16. Bg2 O-O 17. Rh1 Nc5 18. Qc4 Be7 19. g5 hxg5 20. Rh2 f5 21. Rdh1
Qa4 22. Qc3 Ne4 23. Bxe4 fxe4 24. Rh7 Bf6 25. Rh8+ Kf7 26. Rxf8+ Kxf8 27. Rh8+
Kf7 28. Qc7+ Kg6 29. Qh2 Kf7 30. Qc7+ Kg6 31. Rf8 Bd7 32. Rxa8 Bxd4 33. Bxd4
Qxd4 34. Rd8 Qxf2 35. Qxd7 Qf4+ 36. Kb1 Kh7 37. b3 g4 38. Qe8 Qe5 39. Rd1 0-1

[Event "BL 1516 Hamburger SK - SG Solingen"]
[Site "?"]
[Date "2016.02.07"]
[Round "6.2"]
[White "Svane, Rasmus"]
[Black "Ragger, Markus"]
[Result "1/2-1/2"]
[WhiteElo "2523"]
[BlackElo "2682"]
[PlyCount "58"]
[EventDate "2016.??.??"]

1. Nf3 c5 2. c4 Nc6 3. d4 cxd4 4. Nxd4 Nf6 5. Nc3 e6 6. g3 Qb6 7. Nb3 Ne5 8. e4
Bb4 9. Qe2 d6 10. f4 Nc6 11. Be3 Bxc3+ 12. bxc3 Qc7 13. Bg2 e5 14. c5 b6 15.
cxd6 Qxd6 16. O-O O-O 17. Rfd1 Qe7 18. f5 Qa3 19. Bc1 Qa4 20. Bg5 Ba6 21. Qe3
Rfd8 22. Bxf6 gxf6 23. Qh6 Rxd1+ 24. Rxd1 Qxa2 25. Qxf6 Qxb3 26. Qg5+ Kh8 27.
Qf6+ Kg8 28. Qg5+ Kh8 29. Qf6+ Kg8 1/2-1/2

[Event "BL 1516 Hamburger SK - SG Solingen"]
[Site "?"]
[Date "2016.02.07"]
[Round "6.3"]
[White "L'Ami, Erwin"]
[Black "Ernst, Sipke"]
[Result "1-0"]
[WhiteElo "2625"]
[BlackElo "2523"]
[PlyCount "147"]
[EventDate "2016.??.??"]

1. d4 d6 2. e4 g6 3. c4 Bg7 4. Nc3 Nf6 5. f3 O-O 6. Be3 c5 7. dxc5 dxc5 8. Qxd8
Rxd8 9. Bxc5 Nc6 10. Be3 b6 11. Rc1 Nd7 12. Nh3 Ba6 13. Nf2 Nc5 14. b3 e6 15.
Be2 Nb4 16. O-O Bxc3 17. Rxc3 Nxa2 18. Rc2 Nb4 19. Rb2 f5 20. Ra1 Bb7 21. exf5
gxf5 22. Bxc5 bxc5 23. Ra5 Rdc8 24. Nd3 Nxd3 25. Bxd3 Rc7 26. Re2 Kf7 27. Re5
Rd8 28. Bf1 Rdc8 29. Rxa7 Kf6 30. Re1 Bc6 31. Rea1 Ke5 32. R7a5 Rb8 33. f4+ Kd6
34. Rd1+ Ke7 35. Rxc5 Rxb3 36. Be2 Rc8 37. Kf2 Rb2 38. Ke3 Ra2 39. Rd3 Raa8 40.
g4 fxg4 41. Rh5 Bf3 42. Rxh7+ Kf6 43. Rh6+ Kg7 44. Bxf3 gxf3 45. Rxe6 Rxc4 46.
Rd7+ Kg8 47. Kxf3 Rf8 48. Re4 Rc3+ 49. Kg4 Rf7 50. Ree7 Rxe7 51. Rxe7 Rc2 52.
h4 Rg2+ 53. Kf3 Ra2 54. Rb7 Ra1 55. Kg4 Rg1+ 56. Kf5 Rh1 57. h5 Ra1 58. Kg5
Ra5+ 59. f5 Ra1 60. Kg6 Rg1+ 61. Kf6 Ra1 62. Rg7+ Kh8 63. Re7 Kg8 64. Re8+ Kh7
65. Kf7 Ra7+ 66. Kf8 Ra6 67. Re7+ Kh8 68. Re6 Ra8+ 69. Kf7 Kh7 70. f6 Ra5 71.
Ke7 Ra7+ 72. Kf8 Ra8+ 73. Re8 Ra7 74. f7 1-0